The mind of the murderer /

Bibliographic Details
Main Author: Neustatter, W. Lindesay (Walter Lindesay)
Format: Book
Language:English
Published: New York : Philosophical Library, [1957]
Subjects:

MARC

Tag First Indicator Second Indicator Subfields
LEADER 00000cam a2200000 4500
001 in00000066395
005 20151008051905.0
008 720809s1957 nyu 00000 eng u
010 |a  57013938  
035 |a (OCoLC)00377099 
035 |9 AAH0570AM 
040 |c CSU  |d OCL  |d TXA  |d UtOrBLW 
049 |a TXAM  |c [284325] 
050 0 |a HV6515  |b .N4 
092 |a 364.38  |b N496m 
100 1 |a Neustatter, W. Lindesay  |q (Walter Lindesay) 
245 1 4 |a The mind of the murderer /  |c With a foreword by Lord Pakenham of Cowley. 
264 1 |a New York :  |b Philosophical Library,  |c [1957] 
300 |a 232p. ;  |c 23cm. 
336 |a text  |b txt  |2 rdacontent 
337 |a unmediated  |b n  |2 rdamedia 
338 |a volume  |b nc  |2 rdacarrier 
650 0 |a Murder. 
650 0 |a Criminal psychology. 
999 |a MARS 
999 f f |s 68ec73dd-ba36-36d2-8f20-fdcf159aa171  |i 5b488ef9-0430-3484-a55c-52c39ea69fd1  |t 0 
952 f f |p ric  |a Texas A&M University  |b Rellis Campus  |c Joint Library Facility  |d Remote Storage  |t 0  |e HV6515 .N4  |h Library of Congress classification  |i unmediated -- volume  |m A14800814202 
998 f f |a HV6515 .N4  |t 0  |l Remote Storage